Les Français les mieux classés au Ballon d'or depuis 1982. - Statistiques

Statistiques générales
  • Ce quiz a été pris 269 fois
  • Le résultat moyen est 32 sur 38
Statistiques - réponses
Année Joueurs Classement % Correct
2022 Karim Benzema 1
100%
2021 Karim Benzema 4
100%
2014 Karim Benzema 16
100%
2012 Karim Benzema 21
100%
2018 Antoine Griezmann 3
99%
2016 Antoine Griezmann 3
99%
2019 Kylian Mbappe 6
99%
2017 Kylian Mbappe 7
99%
2002 Zinedine Zidane 4
99%
2001 Zinedine Zidane 9
99%
2000 Zinedine Zidane 2
99%
1999 Zinedine Zidane 19
99%
1998 Zinedine Zidane 1
99%
1997 Zinedine Zidane 3
99%
1985 Michel Platini 1
97%
1984 Michel Platini 1
97%
1983 Michel Platini 1
97%
2009 Thierry Henry 15
97%
2006 Thierry Henry 3
97%
2005 Thierry Henry 4
97%
2004 Thierry Henry 4
97%
2003 Thierry Henry 2
97%
2013 Franck Ribery 3
95%
2008 Franck Ribery 16
95%
2007 Franck Ribery 17
95%
1992 Jean-Pierre Papin 16
82%
1991 Jean-Pierre Papin 1
82%
1990 Jean-Pierre Papin 11
82%
1989 Jean-Pierre Papin 10
82%
2015 Paul Pogba 15
72%
1996 Eric Cantona 7
59%
1993 Eric Cantona 3
59%
1995 Marcel Desailly 11
45%
1994 Marcel Desailly 9
45%
1982 Alain Giresse 2
41%
2011 Eric Abidal 18
25%
1987 Manuel Amoros 12
19%
1986 Manuel Amoros 4
19%
Aucun quiz correspondant
Distribution des résultats
% des personnes avec chaque résultat
Percentile par nombre de réponses
Votre historique - résultats
Vous n’avez pas pris ce quiz